02633nam a2200697 a 450000500170000000800410001702000180005804100080007609200190008410000320010324500580013525000120019326000340020530000290023950000980026865300420036665300440040865300410045265300190049365300110051265300190052365300140054265300470055665300210060365300170062465300180064165300190065965300250067865300170070365300160072065300440073665300200078065300580080065300290085865300490088765300550093665300500099165300600104165300320110165300290113365300810116265300340124365300670127765300500134465300380139465300190143265300190145165300140147065300140148465300190149865300250151765300210154265300170156365300270158065300440160765300350165165300450168694200120173199900150174395201770175820240806093235.0100708s2011||||sp a g |||| 000 0 spa d a9788478410835 aspa c610.7l92sVIL1 aVillalba, MariaeDir.94140 aNuevo manual de la enfermería / cMaría Villalba a1a ed.  aBarcelona: bOcéano;c2011. a1200 p. bIncluye CD-Rom aVillalba, M. (Dir.). (2011). Nuevo manual de la enfermería. (1a ed.). Barcelona : Océano. aProceso de atención de enfermería aDiagnóstico, técnica y tratamientos aEnfermería médico - quirúrgica aCardiovascular aSangre aDermatología aDigestivo aSalud mental. Trastorno del comportamiento aEndocrinología aNeurología aGinecología aGenitourinario aMusculoesquelético aRespiratorio aPediatría aOftalmología y otorrinolaringología aMaternoinfantil aReproducción y sexualidad: fecundidad y esterilidad aPlanificación familiar aAdaptaciones del embarazo y desarrollo fetal aAspectos nutricionales del embarazo y el puerperio aValoración de enfermería de la embarazada aObstetricia. Técnicas diagnósticas y procedimientos aComplicaciones del embarazo aTrabajo de parto y parto aProcedimientos para reducción de riesgos durante el parto y complicaciones aPuerperio normal y complicado aValoración y cuidados del neonato normal y el de alto riesgo aCuidados de enfermería a la persona anciana aFarmacología y farmacoterapía aAntibióticos aCardiovascular aDigestivo aEndocrino aGenitourinario aMusculoesquelético aSistema nervioso aRespiratorio aPosiciones del enfermo aModelo conceptual de Virginia Henderson aDiagnósticos de enfermería aTabla de conversión y valores normales 2ddccBK c3105d3105 00102ddc4070aBFMbBFMcCRd2021-03-17eDonación Cavo, Miguel. Marzo 2021l0o610.7 92 VILp4660r2021-03-17tE. 1w2021-03-17yBKzDonación Cavo, Miguel. Marzo 2021